|
|
|
|
| LEADER |
00000nab a2200000 a 4500 |
| 001 |
vtls008620625 |
| 003 |
SK-MaSNL |
| 005 |
20260303071910.0 |
| 008 |
060206 2006 xo r r 000 0 slo |
| 038 |
|
|
|a KEVKJB
|
| 040 |
|
|
|a KEVKJB
|b slo
|c KEVKJB
|e AACR2
|
| 041 |
0 |
|
|a slo
|
| 044 |
|
|
|a xo
|c SK
|
| 080 |
|
|
|a 72/76.075
|2 UDC-MRF-SK2
|
| 080 |
|
|
|a 658.849.7
|2 UDC-MRF-SK2
|
| 100 |
1 |
|
|a Bejda, Róbert
|4 aut
|9 760251
|
| 245 |
1 |
0 |
|a "Martina Benku" stiahli z aukcie, aby neriskovali predaj falzifikátu
|b v kaviarni hotela Slovan sa v nedeľu dražili výtvarné diala a starožitnosti od pár tisíc korún po takmer milión
|c Róbert Bejda
|
| 300 |
|
|
|b Obr.
|
| 610 |
2 |
7 |
|a Darte (aukčná spoločnosť : Prešov, Slovensko)
|2 kevkjb
|9 1043474
|
| 650 |
0 |
7 |
|a výtvarné umenie
|x aukcie
|2 kevkjb
|9 1033315
|
| 650 |
0 |
7 |
|a umelecké diela
|x aukcie
|2 kevkjb
|9 1071179
|
| 650 |
0 |
7 |
|a aukcia starožitností
|2 kevkjb
|9 886447
|
| 650 |
0 |
7 |
|a aukcie
|x umelecké diela
|2 kevkjb
|9 1033316
|
| 651 |
|
7 |
|a Košice (Slovensko)
|2 kevkjb
|9 18694
|
| 651 |
|
7 |
|a Prešov (Slovensko)
|2 kevkjb
|9 17347
|
| 773 |
0 |
|
|t Košický večer
|g Roč. 17(38), č. 5 (3.2.2006), s. 9
|x 1336-5320
|
| 852 |
|
|
|a KEVKJB
|b KIS3GCP
|
| 999 |
|
|
|c 1761880
|d 1763810
|